000 00566nam a2200169Ia 4500
008 090711s9999 xx 000 0 und d
082 _b55705
100 _aदा. सा. आणि मंडळी
245 _aमहिलांसाठी भरतकला
260 _c1986
300 _a128
600 _aदा. सा. आणि मंडळी
630 _aमहिलांसाठी भरतकला
700 _aदा. सा. आणि मंडळी
730 _aमहिलांसाठी भरतकला
942 _cBOOK
999 _c308676
_d308676